000
00334nam a2200133Ia 4500
008
240624s9999 xx 000 0 und d
041
_a
eng
082
_a
658.4092 GAI
100
_a
GAIL
245
_a
LOOKING BEYOND DARING TO THINK RARING TO
260
_c
2005
_a
New Delhi
_b
Excel Books
300
_a
xii, : 188p. ; 21cm.
365
_c
RS
999
_c
3717
_d
3717